Generazioni dei Pokémon - Quiz n°33 - Statistics

Statistiche generali
  • Questo quiz è stato fatto 2 volte
  • Il punteggio medio è 9 su 15
Statistiche sulle risposte
Hint Risposta % Corretto
Arctibax Nona
100%
Dragonite Prima
100%
Wartortle Prima
100%
Aggron Terza
100%
Pelipper Terza
100%
Dondozo Nona
50%
Smoliv Nona
50%
Sinistea Ottava
50%
Fearow Prima
50%
Joltik Quinta
50%
Steelix Seconda
50%
Tipo Zero Settima
50%
Minun Terza
50%
Poltchageist Nona
0%
Morelull Settima
0%
Nessun quiz corrispondente trovato
Distribuzione punteggi
Percentuale di utenti per punteggio
Percentile per numero di risposta
I tuoi punteggi nel tempo
Non hai fatto questo quiz